Textbook of medical physiology / (Record no. 18686)
[ view plain ]
| 000 -LEADER | |
|---|---|
| fixed length control field | 00699nam a22002532 4500 |
| 001 - CONTROL NUMBER | |
| control field | 0000020224 |
| 003 - CONTROL NUMBER IDENTIFIER | |
| control field | OSt |
| 005 - DATE AND TIME OF LATEST TRANSACTION | |
| control field | 20210114102243.0 |
| 008 - FIXED-LENGTH DATA ELEMENTS--GENERAL INFORMATION | |
| fixed length control field | 110902s xx 000 0 eng d |
| 020 ## - INTERNATIONAL STANDARD BOOK NUMBER | |
| International Standard Book Number | 8181470842 |
| 040 ## - CATALOGING SOURCE | |
| Original cataloging agency | KABU |
| Transcribing agency | KABU |
| 100 1# - MAIN ENTRY--PERSONAL NAME | |
| Personal name | Guyton, Arthur C. |
| 245 10 - TITLE STATEMENT | |
| Title | Textbook of medical physiology / |
| Statement of responsibility, etc. | Arthur C. Guyton, John E. Hall. |
| 250 ## - EDITION STATEMENT | |
| Edition statement | 10th ed. |
| 260 ## - PUBLICATION, DISTRIBUTION, ETC. (IMPRINT) | |
| Place of publication, distribution, etc. | Philadelphia |
| Name of publisher, distributor, etc. | Saunders |
| Date of publication, distribution, etc. | 2000 |
| 300 ## - PHYSICAL DESCRIPTION | |
| Extent | xxxii, 1064p |
| 650 #0 - SUBJECT ADDED ENTRY--TOPICAL TERM | |
| Topical term or geographic name as entry element | Human physiology. |
| 650 #0 - SUBJECT ADDED ENTRY--TOPICAL TERM | |
| Topical term or geographic name as entry element | Physiology, Pathological. |
| 650 #0 - SUBJECT ADDED ENTRY--TOPICAL TERM | |
| Topical term or geographic name as entry element | Physiological process. |
| 700 1# - ADDED ENTRY--PERSONAL NAME | |
| Personal name | Hall, John E. |
| 908 ## - PUT COMMAND PARAMETER (RLIN) | |
| Put command parameter | 110902 |
| 942 ## - ADDED ENTRY ELEMENTS (KOHA) | |
| Source of classification or shelving scheme | Library of Congress Classification |
| Koha item type | General Collection |
| Withdrawn status | Lost status | Source of classification or shelving scheme | Not for loan | Home library | Current library | Date acquired | Total Checkouts | Full call number | Barcode | Date last seen | Date last checked out | Price effective from | Koha item type |
|---|---|---|---|---|---|---|---|---|---|---|---|---|---|
| Library of Congress Classification | Kabarak, Main Campus | Kabarak, Main Campus | 14/01/2021 | 5 | QP34.5 .G89 2000 c.1 | 028203 | 17/02/2024 | 03/02/2024 | 14/01/2021 | General Collection |